| 000 | 00569nam a2200181Ia 4500 | ||
|---|---|---|---|
| 008 | 151018s9999 xx 000 0 und d | ||
| 082 |
_bRBASDV23944 _a891.463 |
||
| 100 | _aदेवदत्त पाटील | ||
| 245 | _aगंधवेडा | ||
| 250 | _b1 | ||
| 260 |
_bराजेंद्र प्रकाशन ठाणे _c1981 |
||
| 300 | _a167 | ||
| 600 | _aदेवदत्त पाटील | ||
| 630 | _aगंधवेडा | ||
| 700 | _aदेवदत्त पाटील | ||
| 730 | _aगंधवेडा | ||
| 942 | _cBOOK | ||
| 999 |
_c1023590 _d1023587 |
||